Подробности
| 000 -МАРКЕР |
| контрольное поле |
01874nam0a2200397 4500 |
| 001 - ИДЕНТИФИКАТОР ЗАПИСИ |
| контрольное поле |
RU\NLR\bibl\1778165 |
| 005 - ИДЕНТИФИКАТОР ВЕРСИИ |
| контрольное поле |
20260405205601.0 |
| 010 ## - МЕЖДУНАРОДНЫЙ СТАНДАРТНЫЙ НОМЕР КНИГИ (ISBN) |
| Номер (ISBN) |
978-5-397-02058-9 |
| 021 ## - НОМЕР ГОСУДАРСТВЕННОЙ РЕГИСТРАЦИИ |
| Код страны |
российская федерация |
| Номер |
2011-37464 |
| Номер Листа государственной регистраци |
2672 |
| 035 ## - ДРУГИЕ СИСТЕМНЫЕ НОМЕРА |
| Идентификатор записи |
(nilc)RSL-KNO-004948015 |
| 035 ## - ДРУГИЕ СИСТЕМНЫЕ НОМЕРА |
| Идентификатор записи |
(NLR Aleph) 001768927 |
| 100 ## - ДАННЫЕ ОБЩЕЙ ОБРАБОТКИ |
| Данные общей обработки |
20110531d2011 |||y0rusy50 ca |
| 101 0# - ЯЗЫК РЕСУРСА |
| Язык текста, звукозаписи и т.д. |
русский |
| 102 ## - СТРАНА ПУБЛИКАЦИИ ИЛИ ПРОИЗВОДСТВА |
| Страна публикации |
российская федерация |
| 105 ## - ПОЛЕ КОДИРОВАННЫХ ДАННЫХ: ТЕКСТОВЫЕ МАТЕРИАЛЫ, МОНОГРАФИЧЕСКИЕ |
| Кодированные данные о монографическом текстовом документе |
y ||||||||| |
| 200 1# - ЗАГЛАВИЕ И СВЕДЕНИЯ ОБ ОТВЕТСТВЕННОСТИ |
| Основное заглавие |
Беседы о коннице |
| Сведения, относящиеся к заглавию |
1600 верст похода 1-й бригады 12-й кавалерийской дивизии |
| -- |
опыт подготовки конницы к походно-боевой работе |
| Первые сведения об ответственности |
Н. Н. Сухотин |
| 205 ## - СВЕДЕНИЯ ОБ ИЗДАНИИ |
| Сведения об издании |
Изд. 2-е |
| 210 ## - ПУБЛИКАЦИЯ, РАСПРОСТРАНЕНИЕ И ДР. |
| Место издания, распространения и т.д. |
Москва |
| Имя издателя, распространителя и т. д. |
URSS |
| -- |
ЛИБРОКОМ |
| Дата издания, распространения и т.д. |
2011 |
| 215 ## - ФИЗИЧЕСКАЯ ХАРАКТЕРИСТИКА |
| Специфическое обозначение материала и объем |
IV, XLVII, 171 с. |
| Размеры |
22 |
| 225 1# - СЕРИЯ |
| Основное заглавие серии |
Энциклопедия конника |
| 300 ## - ОБЩИЕ ПРИМЕЧАНИЯ |
| Текст примечания |
На обороте тит.л. авт.: генерал Н.Н. Сухотин |
| 320 ## - ПРИМЕЧАНИЯ О НАЛИЧИИ В ДОКУМЕНТЕ БИБЛИОГРАФИИ / УКАЗАТЕЛЯ |
| Текст примечания |
Библиогр.: с. 163-167 (100 назв.) и в подстроч. примеч. |
| 601 02 - НАИМЕНОВАНИЕ ОРГАНИЗАЦИИ КАК ПРЕДМЕТ |
| Начальный элемент ввода |
Кавалерийская дивизия |
| Структурное подразделение организации |
Бригада |
| Идентифицирующий признак |
12; до 1917 г. |
| -- |
1 |
| Системный номер авторитетной/нормативной записи |
2629962 |
| Идентификатор авторитетной/нормативной записи |
RU\NLR\auth\661566522 |
| 601 01 - НАИМЕНОВАНИЕ ОРГАНИЗАЦИИ КАК ПРЕДМЕТ |
| Начальный элемент ввода |
Россия |
| Структурное подразделение организации |
Сухопутные войска |
| -- |
Кавалерия |
| Тематический подзаголовок |
Боевая подготовка |
| Системный номер авторитетной/нормативной записи |
2629967 |
| Идентификатор авторитетной/нормативной записи |
RU\NLR\auth\661566527 |
| 686 ## - ИНДЕКСЫ ДРУГИХ КЛАССИФИКАЦИЙ |
| Индекс |
Ц599.1г(2)я20 |
| Код системы |
|
| 686 ## - ИНДЕКСЫ ДРУГИХ КЛАССИФИКАЦИЙ |
| Индекс |
Ц59,8(2)0-13 |
| 686 ## - ИНДЕКСЫ ДРУГИХ КЛАССИФИКАЦИЙ |
| Индекс |
Ц59,8(2)0-3 |
| 700 #1 - ИМЯ ЛИЦА - ПЕРВИЧНАЯ ОТВЕТСТВЕННОСТЬ |
| Код отношения |
Автор |
| Материалы, к которым относится поле |
rus |
| Графика поля |
Кириллица |
| Начальный элемент ввода |
Сухотин |
| Часть имени, кроме начального элемента ввода |
Н. Н. |
| Даты |
1847-1918 |
| Расширение инициалов личного имени |
Николай Николаевич |
| Идентификатор авторитетной/нормативной записи |
RU\NLR\auth\7792825 |
| Системный номер авторитетной/нормативной записи |
75751 |
| 801 #0 - ИСТОЧНИК ЗАПИСИ |
| Страна |
российская федерация |
| Организация |
RuMoRKP |
| Дата составления |
20110531 |
| Правила каталогизации |
rcr |
| 801 #1 - ИСТОЧНИК ЗАПИСИ |
| Страна |
российская федерация |
| Организация |
РГБ |
| Дата составления |
20110531 |
| 801 #2 - ИСТОЧНИК ЗАПИСИ |
| Страна |
российская федерация |
| Организация |
NLR |
| Дата составления |
20110608 |
| Правила каталогизации |
rcr |
| 942 ## - ДОПОЛНИТЕЛЬНЫЕ ЭЛЕМЕНТЫ ЗАПИСИ (АБИС) |
| Тип экземпляра АБИС |
Книга |
| 980 ## - КОЛЛЕКЦИЯ |
| Название коллекции |
Национальная библиография |
| 980 ## - КОЛЛЕКЦИЯ |
| Название коллекции |
НБР |